Šumperské tiskárny
| Format: | Book |
|---|---|
| Language: | Undetermined |
| Published: |
Šumperk
b. n.
1988
|
MARC
| LEADER | 00000nam a2200000 a 4500 | ||
|---|---|---|---|
| 001 | vtls001291483 | ||
| 003 | SK-MaSNL | ||
| 005 | 20260224105559.0 | ||
| 008 | 210928s1988 xx 0 und | ||
| 035 | |a SNK000243157 | ||
| 040 | |a SNK |b slo |c SNK |e AACR2 | ||
| 245 | 1 | |a Šumperské tiskárny | |
| 260 | |a Šumperk |b b. n. |c 1988 | ||
| 300 | |a 63 s. | ||
| 958 | |a OND | ||
| 999 | |c 972793 |d 974723 | ||
| 952 | |t P60, <04>, [BOOK], {604} |a SNK |b SNK |y VYP |7 0 |p 17A0073794 |o snkIC 110269 D1 |0 0 |1 1 |4 0 |d 1997-06-20 |l 0 |r 2005-01-02 00:00:00 |w 2026-02-24 | ||


